Система контроля загазованности "Газ-6"; Современные технологии автоматизации; № 2

Dettagli Bibliografici
Parent link:Современные технологии автоматизации: производственно-технический журнал.— , 2000-.— 0206-975X
№ 2.— 2002.— С. 36-37
Autore principale: Калабухов В. Владимир
Altri autori: Ляпков А. Алексей, Поляков В. Виктор
Lingua:russo
Pubblicazione: 2002
Serie:Системная интеграция. Нефтегазовая промышленность
Soggetti:
Natura: Capitolo di libro
KOHA link:https://koha.lib.tpu.ru/cgi-bin/koha/opac-detail.pl?biblionumber=382877

MARC

LEADER 00000naa2a2200000 4500
001 382877
005 20231101063035.0
035 |a (RuTPU)RU\TPU\prd\7561 
090 |a 382877 
100 |a 20021016a2002 k y0rusy50 ca 
101 0 |a rus 
102 |a RU 
200 1 |a Система контроля загазованности "Газ-6"  |f В. Калабухов, А. Ляпков, В. Поляков 
225 1 |a Системная интеграция. Нефтегазовая промышленность 
461 1 |0 (RuTPU)RU\TPU\prd\1759  |x 0206-975X  |t Современные технологии автоматизации  |o производственно-технический журнал  |d 2000- 
463 1 |0 (RuTPU)RU\TPU\prd\6252  |t № 2  |v С. 36-37  |d 2002 
610 1 |a системы контроля 
610 1 |a магистральные газопроводы 
610 1 |a загазованность 
700 1 |a Калабухов  |b В.  |g Владимир 
701 1 |a Ляпков  |b А.  |g Алексей 
701 1 |a Поляков  |b В.  |g Виктор 
801 1 |a RU  |b 63413507  |c 20021016  |g PSBO 
801 2 |a RU  |b 63413507  |c 20131217  |g PSBO 
942 |c BK